| 000 | 00000nam##2200000za#4500 |
| 001 | 9.575790 |
| 003 | CaOODSP |
| 005 | 20210624184830 |
| 007 | cr ||||||||||| |
| 008 | 150406|2004||||xxc|||||o f|0| 0 eng|d |
| 040 | |aCaOODSP|beng |
| 043 | |an-cn--- |
| 086 | 1 |aTU3-6/04-110E-PDF |
| 110 | 2 |aTransportation Safety Board of Canada. |
| 245 | 10|aCrossing accident - Canadian Pacific Railway Freight Train 2nd 269-23 Mile 69.33, Aldersyde Subdivision, Near Blackie, Alberta, 24 October 2004 |h[electronic resource] |
| 260 | |aOttawa - Ontario : |bTransportation Safety Board of Canada |c[2004]. |
| 300 | |a23p.|bcoloured illus., figs., references |
| 490 | 1 |aRailway investigation report |vR04C0110 |
| 590 | |a13-08-Supp|b2013-04-02 |
| 775 | 08|tAccident à un passage à niveau du train de marchandises numéro 2nd 269-23 exploité par le Chemin de fer Canadien Pacifique au point milliaire 69,33 de la subdivision Aldersyde près de Blackie (Alberta), le 24 octobre 2004 |w(CaOODSP)9.605214 |
| 830 | #0|aRailway investigation report ;|vR04C0110|w(CaOODSP)9.504849 |
| 856 | 40|ahttp://publications.gc.ca|qPDF|s1465 KB|uhttps://publications.gc.ca/collections/collection_2013/bst-tsb/TU3-6-04-110-eng.pdf|yR04C0110 |